Limited liability and the modern corporation in theory and in practice (Record no. 89343)

000 -LEADER
fixed length control field 00477pab a2200181 454500
008 - FIXED-LENGTH DATA ELEMENTS--GENERAL INFORMATION
fixed length control field 180718b2010 xxu||||| |||| 00| 0 eng d
100 ## - MAIN ENTRY--PERSONAL NAME
Personal name Blankenburg, Stephanie
245 ## - TITLE STATEMENT
Title Limited liability and the modern corporation in theory and in practice
260 ## - PUBLICATION, DISTRIBUTION, ETC.
Date of publication, distribution, etc. 2010
300 ## - PHYSICAL DESCRIPTION
Extent p.821-836.
362 ## - DATES OF PUBLICATION AND/OR SEQUENTIAL DESIGNATION
Dates of publication and/or sequential designation Sep
650 ## - SUBJECT ADDED ENTRY--TOPICAL TERM
Topical term or geographic name entry element Corporation
700 ## - ADDED ENTRY--PERSONAL NAME
Personal name Wilkinson, Frank
700 ## - ADDED ENTRY--PERSONAL NAME
Personal name Plesch, Dan
773 ## - HOST ITEM ENTRY
Main entry heading Cambridge Journal of Economics
908 ## - PUT COMMAND PARAMETER (RLIN)
Put command parameter N
909 ## -
-- 89343
Holdings
Withdrawn status Lost status Damaged status Not for loan Permanent Location Current Location Date acquired Serial Enumeration / chronology Barcode Date last seen Price effective from Koha item type
        Indian Institute of Public Administration Indian Institute of Public Administration 2018-07-19 Volume no: 34, Issue no: 5 AR89803 2018-07-19 2018-07-19 Articles

Powered by Koha